NIEKTORÉ PROBLÉMY PRI BUDOVANÍ PVO V SÚČASNEJ ETAPE TRANSFORMÁCIE ARMÁDY SR

Bibliographic Details
Main Author: Binka, Jaroslav, 1943- (Author)
Format: Article
Language:Slovak

MARC

LEADER 00000nab a2200000ua 4500
001 vtls010840092
003 SK-MaSNL
005 20260304013340.0
008 230121s1997 xo |||||||||||||||||slo|
035 |a (urnnbn)urn:nbn:sk:snk:ar-a06x7p 
035 |a urn:nbn:sk:snk-ab62ye 
035 |a (uuid)25ed3b17-70f2-40f9-a4a8-9135430dc096 
040 |a SNKBUCL  |b slo  |c SNKBUCL  |e AACR2 
041 0 |a slo 
044 |a xo  |c SK 
100 1 |a Binka, Jaroslav,  |d 1943-  |4 aut  |9 249385 
245 1 0 |a NIEKTORÉ PROBLÉMY PRI BUDOVANÍ PVO V SÚČASNEJ ETAPE TRANSFORMÁCIE ARMÁDY SR  |c Jaroslav Binka 
773 0 |t Vojenské obzory : teoretický časopis  |g Roč. 4, č. 3 (1997), s. 104-106 
954 |a odborná, vedecká literatúra pôvodná (slovenská)  |2 lita 
958 |a OND 
958 |a EUIPO 
958 |a article5 
999 |c 2575398  |d 2577328